000 00303nam a22001337a 4500
008 181218b xxu||||| |||| 00| 0 eng d
020 _a9780596000028
041 _aeng
080 _a004
100 _a30
101 _aSHK
245 _aUnderstading The Linux Kernel
_cDaniel.P.B
942 _2udc
_cBK
999 _c53416
_d53416